000 00318nam a2200145Ia 4500
100 _aAyarwal/ B.L.
942 _cBK
654 _aMathematics
245 _aProgrammed Statistics
260 _bNew Age Int (P) Ltd
_aNew Delhi
_c1996
082 _a519.077
_bAGA
300 _a605
546 _aENGLISH
999 _c31894
_d31894